=LDR 00000nam 2200000 4500 =001 INLIS000000000001104 =005 20200929081840 =035 ##$$a 0010-061300000001104 =008 200929################g##########0#ind## =041 ##$$a Ind =082 ##$$a 306.3 =090 ##$$a 306.3, Hon-s =100 1#$$a Honour, TF =245 1#$$a Sosiologi dan bisnis /$c TF Honour; alih bahasa A Hasymi Ali =260 ##$$a Jakarta :$b Bina Aksara,$c 1982 =300 ##$$a vii, 301 hlm. ; $c 14,5x20,5 cm. =650 #4$$a Sosiologi =650 #4$$a Bisnis =700 1#$$a Ali, A Hasymi =850 ##$$a NBPNMAT =084 ##$$a 306.3 HON s =990 ##$$a 29.489/88 =990 ##$$a 39.689/91 =990 ##$$a 66.993/94 =990 ##$$a 66.994/94 =990 ##$$a 29.488 pb.88